000 00680nas a2200241 4500
001 BR2010001007
003 BR-BrBNA
005 20231205113923.0
007 ta
008 230509b bl.|||p| |||| 00| 00por d
040 _aBR-BrBNA
_bpor
_cBiblioteca Nacional de Agricultura
041 _a(Pt)
072 _aE16
100 1 _aNastari, P.M.
245 1 _aSaindo da crise com mais responsabilidade
650 _aAÇUCAR
650 _aETANOL
650 _aCUSTO DE PRODUÇÃO
650 _aRENTABILIDADE
773 0 _tAgroanalysis (Brazil)
_xISSN 0100-4298
_g(Feb 2010), v. 30(2) p. 33-34
_wBR2010001007
909 _a202311
_bLúcia
_c55
_dLúcia Elande
942 _2AGRIS
_n0
_cANA
999 _c206288
_d206288